000 00654nam a2200193Ii 4500
003 JO-AjNU
008 230605s9999||||xx |||||||||||||| ||und||
040 _aJO-AjNU
_bara
_erda
_cJO-AjNU
041 _aara
050 1 4 _aGV515.S2 1982
100 3 _aعبدالله، صباح عبدي,
_eauthor
_917499
245 0 0 _aالمهارات والتدريب في رفع الاثقال
264 3 1 _aالعراق: د.ن، 1982
300 _a160ص
_bصور توضيحية
336 _atext
_btxt
_2rdacontent
337 _aunmediated
_bn
_2rdamedia
338 _avolume
_bnc
_2rdacarrier
650 4 _aالالعاب الرياضية - رفع الاثقال
_917500
999 _aA5416
_c8984
_d8984